Cyprus
Saved in:
| Corporate Author: | |
|---|---|
| Format: | Book |
| Language: | English Greek |
| Published: |
Λευκωσία :
Press and Information Office,
1991.
|
| Subjects: | |
| Tags: |
Add Tag
No Tags, Be the first to tag this record!
|
MARC
| LEADER | 00000cam a2200000 i 4500 | ||
|---|---|---|---|
| 001 | 1/55542 | ||
| 008 | 981022s1996 cy | ||| |||| ||eng|| | ||
| 020 | |a 9963380123 | ||
| 035 | |l 10045314 | ||
| 040 | |a GR-MyUA |b gre |e AACR2 | ||
| 041 | 0 | |a eng |h gre | |
| 082 | 0 | |a 956.45 | |
| 245 | 1 | 0 | |a Cyprus / |c [photograph credits Coutas Andreas...[κ. ά.]]. |
| 260 | |a Λευκωσία : |b Press and Information Office, |c 1991. | ||
| 300 | |a 212 σ. : |b εικ. ; |c 32 εκ. | ||
| 504 | |a Περιέχει ευρετήριο. | ||
| 651 | 0 | |a Cyprus |x History. | |
| 651 | 0 | |a Cyprus |x Description and travel. | |
| 710 | 1 | |a Κύπρος. |b Γραφείο Τύπου και Πληροφοριών. | |
| 852 | |a INST |b SAMOS |e 19981022 |h 956.45 CYP |p 005300013971 |q 005300013971 |t BK |y 0 | ||
| 901 | |a BIBL-1998-3 | ||
| 909 | |a Σ |b 057723 | ||
| 922 | |a 3ΕΛΗ |b 199810 |c ΔΩΡ | ||